LEADER 01238nam a2200265 4500 001 000000367523 003 CaOOAMICUS 005 20260429122250.0 008 260429s1989 gw 000 u lat r 020 $a3-7752-5061-1 040 $aSeMil$bita 245 00$a1: Concilia Aevi Merovingici /$c[recensuit Fridericus Maassen]. 264 1$aHannover :$bHahnsche Buchhandlung,$c1989. 300 $aXVII, 281 p. ;$c30 cm 534 $a[Unveränderter Nachdruck der 1893 bei der Hahnschen Buchhandlung, Hannover, erschienenen Ausgabe] 650 4$aConcili - Storia - Medioevo - Fonti.$0(OLS)http://semarc/subject/60128 650 4$aMerovingi - Storia - Fonti.$0(OLS)http://semarc/subject/55965 700 1 $aMaassen, Friedrich,$d<1823-1900>.$0(OLS)http://semarc/name/124284 773 0 $tConcilia.$dHannover : Hahnsche Buchhandlung, 1979-1989.$w()367522 850 $aSeMil 852 $aSeMil$W1$xVenegono$y1$mSL1.J II 23$j271157$B258212$CSeMilBibl$Z2$F258212 $8I 996 $6020$a3-7752-5061-1$9(OLS)http://semarc/number/305790 996 $6245$a1: Concilia Aevi Merovingici$9(OLS)http://semarc/title/459479 996 $6264$aHannover :$bHahnsche Buchhandlung$9(OLS)http://semarc/publisher/32294